[Event "Sparkassen Open A"]
[Site "Dortmund GER"]
[Date "2010.07.20"]
[Round "4"]
[White "Kuempers,U"]
[Black "Fichtner,E"]
[Result "0-1"]
[WhiteElo "2091"]
[BlackElo "1972"]
[EventDate "2010.07.17"]

1. d4 d5 2. c4 c6 3. cxd5 cxd5 4. Nc3 Nf6 5. Nf3 Nc6 6. Bf4 Nh5 7. Bg5 h6
8. Bh4 g5 9. Bg3 Nxg3 10. hxg3 Bg7 11. e3 e6 12. Rc1 Kf8 13. Bd3 Bd7 14.
Qb3 Rb8 15. O-O f5 16. Nxd5 exd5 17. Qxd5 Bc8 18. Qb3 Qb6 19. Qc4 Nb4 20.
d5 Nxd3 21. Qxd3 Bd7 22. Rc2 Kf7 23. Nd2 Rbc8 24. Nc4 Qf6 25. Qa3 Kg6 26.
f4 Qa6 27. Qd3 Rhf8 28. g4 Rce8 29. fxg5 Kxg5 30. gxf5 Bxf5 31. e4 Bg4 32.
Rxf8 Rxf8 33. Qe3+ Kg6 34. e5 b5 35. Nd6 Qb6 36. Rc5 Bxe5 37. Nc4 Bf4 38.
Ne5+ Kf5 39. Qf2 Kxe5 40. d6+ Kxd6 41. Qd4+ Ke7 42. Kh1 Qe6 43. Qg7+ Rf7
0-1

[Event "Sparkassen Open A"]
[Site "Dortmund GER"]
[Date "2010.07.20"]
[Round "4"]
[White "Carmesin,M"]
[Black "Neuer,T"]
[Result "0-1"]
[WhiteElo "1859"]
[BlackElo "2090"]
[EventDate "2010.07.17"]

1. e4 g6 2. d4 c6 3. Nf3 d5 4. exd5 cxd5 5. c4 Nf6 6. Nc3 Bg7 7. Qb3 O-O 8.
cxd5 Nbd7 9. Bg5 Nb6 10. Ne5 Nfxd5 11. Nxd5 Qxd5 12. Qxd5 Nxd5 13. Bc4 Be6
14. Bd2 Rac8 15. Rc1 Rfd8 16. O-O Nc7 17. Be3 Bxc4 18. Rxc4 Nd5 19. Rxc8
Rxc8 20. Rc1 Rxc1+ 21. Bxc1 Kf8 22. Kf1 e6 23. Ke2 Ke7 24. Bd2 f6 25. Nc4
Kd7 26. Kd3 Bf8 27. g3 Be7 28. Na5 b6 29. Nc4 Kc6 30. a4 a6 31. b3 b5 32.
axb5+ axb5 33. Ne3 f5 34. f3 Nxe3 35. Bxe3 Kd5 36. h3 h5 37. g4 hxg4 38.
hxg4 Bd8 39. Bd2 Bb6 40. Bc3 Ba7 41. b4 Bb8 42. Bd2 Bh2 43. Bh6 Bg3 44. Bg5
Be1 45. Be7 Bf2 46. Bf6 fxg4 47. fxg4 Be1 48. Be7 Bg3 49. Bg5 Bd6 50. Bd2
Bf8 51. Be1 Bg7 52. Bf2 Bh6 53. Bh4 Bc1 54. Bg3 Bg5 55. Be1 Be7 56. Bd2 Bd6
57. Be1 Bh2 58. Bh4 Bf4 59. Bf6 Bd6 60. Bg5 Bxb4 61. Bc1 Be7 62. Bd2 Bf6
63. Bc3 Bd8 64. Bd2 Bb6 65. Bc3 Bc7 66. Be1 e5 67. dxe5 Bxe5 68. Bd2 Kc5
69. Be3+ Kb4 70. Ke4 Bc3 71. Kd5 Kb3 72. Ke6 b4 73. Kf7 Kc2 74. Kxg6 Bd2
75. Bxd2 Kxd2 76. g5 b3 77. Kf7 b2 0-1

[Event "Sparkassen Open A"]
[Site "Dortmund GER"]
[Date "2010.07.20"]
[Round "4"]
[White "Sieberg,R"]
[Black "Boehm,Ju2"]
[Result "0-1"]
[WhiteElo "1951"]
[BlackElo "2214"]
[EventDate "2010.07.17"]

1. e4 e6 2. d4 d5 3. exd5 exd5 4. Nf3 Bd6 5. Bd3 Nc6 6. O-O Bg4 7. h3 Bxf3
8. Qxf3 Nxd4 9. Qg4 Ne6 10. Re1 Ne7 11. Nc3 c6 12. Bg5 Nxg5 13. Qxg5 O-O
14. Re2 Ng6 15. Qxd8 Raxd8 16. Bxg6 hxg6 17. a3 Rfe8 18. Rae1 Kf8 19. Kf1
Rxe2 20. Rxe2 Re8 21. Rxe8+ Kxe8 22. Ke2 Be5 23. Nd1 b5 24. Kd3 Kd7 25. c3
c5 26. Ne3 c4+ 27. Ke2 d4 28. cxd4 Bxd4 29. Nd1 Kd6 30. f3 Ke5 31. g3 g5
32. Kd2 Kd5 33. Ke2 Kc5 34. Ke1 a5 35. Ke2 b4 36. axb4+ axb4 37. Kd2 Bxb2
38. Nxb2 c3+ 39. Kc2 cxb2 40. f4 gxf4 41. gxf4 Kd4 42. Kxb2 Ke4 0-1

[Event "Sparkassen Open A"]
[Site "Dortmund GER"]
[Date "2010.07.20"]
[Round "4"]
[White "Kartsev,So"]
[Black "Butschek,M"]
[Result "1-0"]
[WhiteElo "2202"]
[BlackElo "1891"]
[EventDate "2010.07.17"]

1. e4 e6 2. d4 d5 3. e5 c5 4. c3 Nc6 5. Nf3 Nge7 6. Bd3 Qb6 7. O-O Bd7 8.
dxc5 Qxc5 9. b4 Qb6 10. a4 Qc7 11. Re1 Ng6 12. Qe2 Be7 13. Na3 O-O 14. Nb5
Qd8 15. Bd2 f5 16. Nbd4 Re8 17. b5 Nxd4 18. cxd4 Nf8 19. a5 g5 20. h3 h5
21. Nh2 Kg7 22. Qxh5 Ng6 23. Nf1 Rh8 24. Qf3 Rh4 25. Ng3 Qg8 26. Rac1 Rxd4
27. Rc7 Qd8 28. Rxb7 Bc8 29. Rxe7+ Qxe7 30. Bc3 Rh4 31. Nxf5+ exf5 32. e6+
Kg8 33. Qxf5 Nf4 34. Bf6 Bxe6 35. Qxg5+ Kf7 36. Qg7+ 1-0

[Event "Sparkassen Open A"]
[Site "Dortmund GER"]
[Date "2010.07.20"]
[Round "4"]
[White "Schorra,H"]
[Black "Gaul,A"]
[Result "1-0"]
[WhiteElo "2111"]
[BlackElo "1852"]
[EventDate "2010.07.17"]

1. Nf3 c5 2. e4 e6 3. d4 cxd4 4. Nxd4 a6 5. c4 Qc7 6. Nc3 Nf6 7. Be3 d6 8.
Be2 Nbd7 9. Rc1 b6 10. O-O Bb7 11. f3 Rc8 12. Qd2 Qb8 13. Rfd1 Qa8 14. Bf1
Rc7 15. a4 Nc5 16. b4 e5 17. bxc5 exd4 18. Bxd4 bxc5 19. Bxf6 gxf6 20. Nd5
Bxd5 21. exd5 Re7 22. Qf4 Re5 23. Qxf6 Rg8 24. Re1 Rgg5 25. Qxg5 1-0

[Event "Sparkassen Open A"]
[Site "Dortmund GER"]
[Date "2010.07.20"]
[Round "4"]
[White "Butschek,T"]
[Black "Henkemeier,Markus"]
[Result "1/2-1/2"]
[WhiteElo "2040"]
[BlackElo "1822"]
[EventDate "2010.07.17"]

1. e4 c6 2. c4 d5 3. exd5 cxd5 4. cxd5 Nf6 5. Nc3 Nxd5 6. Bc4 Nb6 7. Bb3
Nc6 8. Nf3 Bf5 9. d4 e6 10. O-O Be7 11. Re1 O-O 12. d5 exd5 13. Nxd5 Nxd5
14. Qxd5 Qxd5 15. Bxd5 Bf6 16. Be4 Bxe4 17. Rxe4 Rfe8 18. Rxe8+ Rxe8 19.
Be3 a5 20. g4 a4 21. Rb1 Ne5 22. Nxe5 Rxe5 23. b3 a3 24. Rc1 Kf8 25. Rc8+
Re8 26. Bc5+ Be7 27. Bxe7+ Kxe7 28. Rc5 b6 29. Rc7+ Kd6 30. Ra7 Ke5 31. Kg2
Kd4 32. Rxa3 Re7 33. Ra4+ Kc3 34. Kf3 b5 35. Re4 Ra7 36. Re3+ Kb2 37. Re2+
Ka3 38. g5 Rd7 39. Kg4 Rd1 40. Re5 b4 41. Ra5+ Kb2 42. f4 g6 43. Ra4 Kc3
44. Kf3 Rf1+ 45. Ke4 Re1+ 46. Kd5 Rf1 47. Ke5 Rf2 48. h4 Re2+ 49. Kf6 Rf2
50. Kxf7 Rxf4+ 51. Kg7 Rxh4 52. a3 Rh5 53. Rxb4 Rxg5 54. Kxh7 Rg1 55. Rb6
g5 56. a4 Ra1 57. Rb5 g4 58. a5 g3 59. Rg5 1/2-1/2

[Event "Sparkassen Open A"]
[Site "Dortmund GER"]
[Date "2010.07.20"]
[Round "4"]
[White "Weber,Martin"]
[Black "Grahl,Matthias"]
[Result "1/2-1/2"]
[WhiteElo "2031"]
[BlackElo "1776"]
[EventDate "2010.07.17"]

1. d4 Nf6 2. Nc3 g6 3. e4 d6 4. Nge2 Bg7 5. g3 b5 6. Bg2 Bb7 7. O-O b4 8.
Nd5 e6 9. Nxf6+ Bxf6 10. Be3 d5 11. e5 Be7 12. c4 bxc3 13. bxc3 Ba6 14. Re1
Qd7 15. Rb1 Nc6 16. Nf4 Na5 17. Nd3 Bxd3 18. Qxd3 Nc4 19. Bh6 Bf8 20. Bg5
Be7 21. Bh6 Bf8 22. Bg5 Be7 1/2-1/2

[Event "Sparkassen Open A"]
[Site "Dortmund GER"]
[Date "2010.07.20"]
[Round "4"]
[White "Glahn,Michael"]
[Black "Hecht,C"]
[Result "1/2-1/2"]
[WhiteElo "1826"]
[BlackElo "1773"]
[EventDate "2010.07.17"]

1. e4 e6 2. d4 d5 3. Nc3 Nf6 4. Bg5 Bb4 5. e5 h6 6. Bd2 Bxc3 7. Bxc3 Ne4 8.
Nf3 c5 9. Nd2 Nxc3 10. bxc3 Qa5 11. Qf3 c4 12. Be2 Qa4 13. O-O Qxc2 14. Qe3
Qa4 15. f4 g6 16. Bd1 Qa5 17. Bc2 Nc6 18. Nf3 Bd7 19. Nh4 h5 20. Qg3 O-O-O
21. Qe3 Ne7 22. Rfb1 Bc6 23. Nf3 Qc7 24. Rb2 Nf5 25. Bxf5 gxf5 26. a4 a5
27. Nd2 1/2-1/2

[Event "Sparkassen Open A"]
[Site "Dortmund GER"]
[Date "2010.07.21"]
[Round "5"]
[White "Zaitsev,Mikhail V"]
[Black "Nalbandian,T"]
[Result "1/2-1/2"]
[WhiteElo "2507"]
[BlackElo "2453"]
[EventDate "2010.07.17"]

1. e4 Nf6 2. Nc3 d5 3. e5 d4 4. exf6 dxc3 5. fxg7 cxd2+ 6. Qxd2 Qxd2+ 7.
Bxd2 Bxg7 8. O-O-O Nc6 9. Nf3 Bd7 10. Bc4 e6 11. Rhe1 h6 12. Bf4 O-O-O 13.
Ne5 Nxe5 14. Bxe5 Bxe5 15. Rxe5 1/2-1/2

[Event "Sparkassen Open A"]
[Site "Dortmund GER"]
[Date "2010.07.21"]
[Round "5"]
[White "Cherniaev,A1"]
[Black "Bach,Mat"]
[Result "1/2-1/2"]
[WhiteElo "2469"]
[BlackElo "2303"]
[EventDate "2010.07.17"]

1. e4 c6 2. c4 e5 3. Nf3 d6 4. d4 Nd7 5. Nc3 g6 6. g3 Bg7 7. Bg2 Ngf6 8.
O-O O-O 9. h3 Re8 10. d5 Nc5 11. Ne1 cxd5 12. cxd5 Bd7 13. b4 Na6 14. a3
Qc8 15. Qd3 Bxh3 16. Nb5 Bxg2 17. Kxg2 Qd7 1/2-1/2

[Event "Sparkassen Open A"]
[Site "Dortmund GER"]
[Date "2010.07.21"]
[Round "5"]
[White "Thanabalasingam,A"]
[Black "Michalczak,T"]
[Result "1/2-1/2"]
[WhiteElo "1940"]
[BlackElo "2367"]
[EventDate "2010.07.17"]

1. e4 c5 2. Nf3 d6 3. d4 cxd4 4. Nxd4 Nf6 5. Nc3 Bd7 6. Bc4 Nc6 7. O-O g6
8. h3 Bg7 9. Be3 O-O 10. Re1 Rc8 11. Bf1 a6 12. Nxc6 Bxc6 13. Nd5 Nxd5 14.
exd5 Ba4 15. b3 Bd7 16. Rc1 Bb2 17. Rb1 Bc3 18. Bd2 Bf5 19. Bxc3 Rxc3 20.
Rc1 Qc7 21. Bc4 b5 22. Qd2 b4 23. a4 a5 24. Re3 Rxe3 25. Qxe3 Re8 26. c3
bxc3 27. Qxc3 Rc8 28. Re1 h5 29. Qe3 Kf8 30. Qh6+ Kg8 31. Qe3 Bd7 32. Qg5
Bxa4 33. Rxe7 Qc5 34. Qf4 Be8 35. Ba6 Qc1+ 36. Qxc1 Rxc1+ 37. Kh2 Kf8 38.
Ra7 Rc3 39. Ra8 Ke7 40. Be2 Rxb3 41. Rxa5 Rb2 42. Bf3 Rxf2 43. Ra7+ Kf6 44.
Ra6 Ke5 45. Ra7 Kf6 46. Ra6 Ke7 47. Ra7+ Bd7 48. Bd1 Kd8 49. Ra8+ Kc7 50.
Bf3 Bc8 51. Ra4 Rd2 52. Rf4 f5 53. Rc4+ Kd7 54. Rb4 Ba6 55. Kg3 g5 56. Bxh5
Rxd5 57. Ra4 Rd3+ 58. Kh2 Bb7 59. Ra7 Kc8 60. Ra2 Rc3 61. Bf7 Kc7 62. Re2
Be4 63. g4 Rc2 64. Rxc2+ Bxc2 65. gxf5 Bxf5 66. Kg3 Kc6 67. h4 gxh4+ 68.
Kxh4 Kc5 69. Kg5 Bd7 70. Kf4 Kd4 71. Bh5 Be6 72. Bf3 Bd5 73. Bg4 Kd3 74.
Bh3 Bf7 75. Bg2 Kd4 76. Bf3 Bd5 77. Bg4 Be4 78. Be6 Bd5 79. Bg4 Bc4 80. Bf3
Bd5 1/2-1/2

[Event "Sparkassen Open A"]
[Site "Dortmund GER"]
[Date "2010.07.21"]
[Round "5"]
[White "Liedtke,D"]
[Black "Naundorf,M"]
[Result "1/2-1/2"]
[WhiteElo "2191"]
[BlackElo "2127"]
[EventDate "2010.07.17"]

1. c4 c5 2. g3 g6 3. Bg2 Bg7 4. Nc3 Nc6 5. a3 d6 6. Rb1 a5 7. d3 e5 8. e3
Nge7 9. Nge2 O-O 10. O-O Rb8 11. Qb3 Be6 12. Nd5 f5 13. Nec3 Bf7 14. Bd2
Re8 15. f4 Nxd5 16. Nxd5 b6 17. Bc3 Ne7 18. e4 Nxd5 19. exd5 exf4 20. Bxg7
Kxg7 21. Qc3+ Qf6 22. Rxf4 Re3 23. Rf3 Rbe8 24. Rbf1 Rxf3 25. Rxf3 Qxc3 26.
bxc3 Re1+ 27. Rf1 Rxf1+ 28. Kxf1 Kf6 29. Kf2 Be8 30. Ke3 Ba4 31. Bf3
1/2-1/2

[Event "Sparkassen Open A"]
[Site "Dortmund GER"]
[Date "2010.07.21"]
[Round "5"]
[White "Strathoff,J"]
[Black "Chilla,J"]
[Result "1/2-1/2"]
[WhiteElo "2080"]
[BlackElo "2143"]
[EventDate "2010.07.17"]

1. e4 c5 2. c4 e6 3. Nc3 a6 4. Nge2 Qc7 5. d4 cxd4 6. Nxd4 Nf6 7. Be2 b6 8.
Be3 Bb7 9. Qc2 Be7 10. O-O d6 11. Rfd1 Nbd7 12. f3 Rc8 13. Rac1 O-O 14. Kh1
Qb8 15. Qd2 Kh8 16. Nc2 Rg8 1/2-1/2

[Event "Sparkassen Open A"]
[Site "Dortmund GER"]
[Date "2010.07.21"]
[Round "5"]
[White "Schiefelbusch,D"]
[Black "Quast,M"]
[Result "1-0"]
[WhiteElo "2135"]
[BlackElo "2146"]
[EventDate "2010.07.17"]

1. Nf3 f5 2. b4 Nf6 3. Bb2 g6 4. e3 Bg7 5. c4 d6 6. d4 O-O 7. Nc3 c6 8. Be2
Nbd7 9. O-O e5 10. a4 e4 11. Nd2 Qe7 12. Re1 d5 13. b5 Qf7 14. Rc1 Kh8 15.
Ba3 Rd8 16. Qb3 Bf8 17. Rc2 g5 18. Rec1 Bxa3 19. Qxa3 Nf8 20. bxc6 bxc6 21.
cxd5 cxd5 22. Nb5 Be6 23. Nc7 Rab8 24. Nb3 N6d7 25. Na5 Nb6 26. Nxe6 Nxe6
27. Nc6 f4 28. Nxb8 Rxb8 29. Qd6 Rd8 30. Qe5+ Kg8 31. a5 1-0

[Event "Sparkassen Open A"]
[Site "Dortmund GER"]
[Date "2010.07.21"]
[Round "5"]
[White "Richter,Gera"]
[Black "Carlstedt,J"]
[Result "0-1"]
[WhiteElo "2119"]
[BlackElo "2379"]
[EventDate "2010.07.17"]

1. d4 d5 2. c4 e6 3. Nc3 c5 4. cxd5 exd5 5. Nf3 Nc6 6. g3 Nf6 7. Bg2 Be7 8.
O-O O-O 9. Bg5 c4 10. b3 Qa5 11. Bxf6 Bxf6 12. Rc1 Bg4 13. e3 Rad8 14. h3
Bf5 15. Nd2 Bd3 16. bxc4 Bxf1 17. Qxf1 dxc4 18. Nxc4 Qa6 19. Nd5 Be7 20.
Ne5 Qxf1+ 21. Kxf1 Ba3 22. Rc3 Nxe5 23. Rxa3 Nc6 24. Nc3 Rc8 25. Nb5 Nb4
26. Bxb7 Rc2 27. Be4 Rc1+ 28. Kg2 f5 29. Bf3 a6 30. Nd6 Rd8 31. Ra4 Nd3 32.
Bd5+ Kf8 33. Rxa6 Nb4 34. Ra8 Rxa8 35. Bxa8 g6 36. a3 Nd3 37. f3 Ke7 38.
Nb5 Rc2+ 39. Kg1 Kd7 40. e4 Nc1 41. g4 fxe4 42. fxe4 Rb2 43. d5 Ne2+ 44.
Kh1 Ng3+ 45. Kg1 Nxe4 46. Bc6+ Ke7 47. a4 Ra2 48. Nd4 Kd6 49. Ne6 Nf2 50.
Ng5 Ke7 51. Nxh7 Nxh3+ 52. Kh1 Rf2 53. a5 Ra2 54. a6 Rxa6 55. Kg2 Ra3 56.
g5 Rd3 57. Bb7 Kf7 58. Ba6 Ra3 59. Bc4 Kg7 60. Nf6 Nxg5 61. Ng4 Ne4 62. Ne5
Kf6 63. Nf3 Rxf3 0-1

[Event "Sparkassen Open A"]
[Site "Dortmund GER"]
[Date "2010.07.21"]
[Round "5"]
[White "Savchenko,Alek"]
[Black "Zimmermann,Dir"]
[Result "1-0"]
[WhiteElo "2275"]
[BlackElo "2085"]
[EventDate "2010.07.17"]

1. d4 d5 2. c4 e6 3. Nc3 Nf6 4. cxd5 Nxd5 5. e4 Nxc3 6. bxc3 c5 7. Nf3 cxd4
8. cxd4 Nc6 9. a3 Be7 10. Bd3 O-O 11. e5 Kh8 12. Bb1 f5 13. O-O b6 14. Ba2
Na5 15. Qd3 Bd7 16. Re1 Rc8 17. d5 exd5 18. Nd4 Nc6 19. Nxc6 Bxc6 20. Bb2
Bc5 21. Rad1 Qg5 22. Bxd5 Rfd8 23. Qf3 Bxd5 24. Rxd5 Rxd5 25. Qxd5 Rd8 26.
Bc1 Qh4 27. Qf3 Qe7 28. e6 h6 29. g3 a5 30. Qc6 Re8 31. Kg2 Kg8 32. a4 Kh7
33. h4 Bb4 34. Re2 Rd8 35. Qxb6 Rd1 36. Bf4 Kg6 37. Qb5 Re1 38. h5+ 1-0

[Event "Sparkassen Open A"]
[Site "Dortmund GER"]
[Date "2010.07.21"]
[Round "5"]
[White "Tkachuk,K"]
[Black "Kahleys,K"]
[Result "1-0"]
[WhiteElo "2181"]
[BlackElo "2071"]
[EventDate "2010.07.17"]

1. e4 e6 2. d3 d5 3. Nd2 Nf6 4. g3 dxe4 5. dxe4 Bc5 6. Bg2 e5 7. Ngf3 Nc6
8. O-O O-O 9. c3 a5 10. Qe2 Qe7 11. Nh4 g6 12. Nc4 Bg4 13. Bf3 Qe6 14. Bg5
Bxf3 15. Nxf3 Kg7 16. a3 a4 17. Bxf6+ Qxf6 18. Rad1 Qe7 19. Rd5 f6 20. Rfd1
Rfd8 21. Ne3 Bxe3 22. Qxe3 Rxd5 23. exd5 Rd8 24. c4 b6 25. Rc1 Na5 26. Nd4
Kg8 27. Ne6 Rd6 28. f4 exf4 29. gxf4 Nb3 30. Re1 b5 31. cxb5 Rxd5 32. Nxc7
Qxe3+ 33. Rxe3 Rd8 34. Re8+ Rxe8 35. Nxe8 Kf7 36. b6 Nc5 37. Nd6+ Ke6 38.
b7 Na6 39. Ne4 Kf5 40. Nc5 Nb8 41. Nxa4 Kxf4 42. Nc5 Ke5 43. a4 Kd5 44. b4
Kc6 45. a5 g5 46. a6 Kb6 47. b5 Ka7 48. Ne6 h5 49. Nd4 g4 50. Kg2 h4 51.
Kf2 f5 52. Nc6+ Nxc6 53. bxc6 Kb8 54. Ke3 g3 55. hxg3 h3 56. Kf2 f4 57.
gxf4 1-0

[Event "Sparkassen Open A"]
[Site "Dortmund GER"]
[Date "2010.07.21"]
[Round "5"]
[White "Fichtner,E"]
[Black "Harff,M"]
[Result "0-1"]
[WhiteElo "1972"]
[BlackElo "2168"]
[EventDate "2010.07.17"]

1. d4 Nf6 2. Bf4 c5 3. c3 Qb6 4. Qc2 cxd4 5. cxd4 Nc6 6. e3 d6 7. Nc3 Bf5
8. Qb3 e5 9. dxe5 dxe5 10. Bg3 Bb4 11. Nf3 Nd7 12. Nd2 Nc5 13. Qc4 Rd8 14.
e4 Be6 15. Qb5 O-O 16. O-O-O Qc7 17. Nc4 Rxd1+ 18. Nxd1 Nxe4 19. Bxe5 Bd6
20. Bxd6 Nxd6 21. Nxd6 Nd4+ 0-1

[Event "Sparkassen Open A"]
[Site "Dortmund GER"]
[Date "2010.07.21"]
[Round "5"]
[White "Steinle,C"]
[Black "Sundorf,Jannik"]
[Result "1-0"]
[WhiteElo "2151"]
[BlackElo "2070"]
[EventDate "2010.07.17"]

1. d4 Nf6 2. Nf3 d5 3. e3 g6 4. Bd3 Bg7 5. O-O O-O 6. Nbd2 Nbd7 7. c4 c5 8.
b3 cxd4 9. exd4 dxc4 10. bxc4 e5 11. Bb2 exd4 12. Bxd4 Qc7 13. Qc2 b6 14.
a4 Nc5 15. Qc3 Qd6 16. Bc2 Bb7 17. Rfe1 Rfe8 18. Be5 Nfe4 19. Nxe4 Bxe5 20.
Nxe5 Bxe4 21. Bxe4 Nxa4 22. Nxf7 Nxc3 23. Nxd6 Nxe4 24. Nxe8 Rxe8 25. Rxa7
Nd6 26. Rxe8+ Nxe8 27. Rd7 1-0

[Event "Sparkassen Open A"]
[Site "Dortmund GER"]
[Date "2010.07.21"]
[Round "5"]
[White "Roehrich,S"]
[Black "Krueger,An"]
[Result "1/2-1/2"]
[WhiteElo "2142"]
[BlackElo "2061"]
[EventDate "2010.07.17"]

1. e4 e6 2. d4 d5 3. Nc3 Nc6 4. e5 f6 5. exf6 Qxf6 6. Nf3 Bd7 7. Bb5 Bd6 8.
O-O h6 9. Bxc6 Bxc6 10. Ne5 Bxe5 11. Qh5+ g6 12. Qxe5 Qxe5 13. dxe5 Ne7 14.
a4 Bd7 15. Ne2 Nc6 16. f4 O-O-O 17. Be3 b6 18. Bf2 g5 19. Be3 Rhg8 20. b3
Nb4 21. Bd2 Nc6 22. Ng3 Nd4 23. Rac1 c5 24. Rf2 Nf5 25. Nh5 g4 26. Ng3
1/2-1/2

[Event "Sparkassen Open A"]
[Site "Dortmund GER"]
[Date "2010.07.21"]
[Round "5"]
[White "Pilat,F"]
[Black "Krueger,Er"]
[Result "1/2-1/2"]
[WhiteElo "1944"]
[BlackElo "2255"]
[EventDate "2010.07.17"]

1. d4 Nf6 2. Nf3 g6 3. Nbd2 d5 4. b4 c6 5. c4 Bg7 6. e3 O-O 7. Bd3 Bf5 8.
Be2 a5 9. b5 cxb5 10. cxb5 Ne4 11. Bb2 Nd7 12. O-O a4 13. a3 Nb6 14. Rc1
Rc8 15. Ne5 f6 16. Nd3 Nxd2 17. Qxd2 Nc4 18. Qb4 Bxd3 19. Bxd3 Nxb2 20.
Qxb2 Qd6 21. Rc3 e5 22. Rfc1 Rxc3 23. Qxc3 exd4 24. exd4 f5 25. Qc5 Qxc5
26. Rxc5 Rd8 27. Rxd5 Rxd5 28. Bc4 b6 29. Bxd5+ Kf8 30. Bf3 1/2-1/2

[Event "Sparkassen Open A"]
[Site "Dortmund GER"]
[Date "2010.07.21"]
[Round "5"]
[White "Wiebe,P"]
[Black "Barskij,A"]
[Result "1/2-1/2"]
[WhiteElo "2248"]
[BlackElo "2000"]
[EventDate "2010.07.17"]

1. c4 Nf6 2. g3 c6 3. Bg2 d5 4. d4 g6 5. Nf3 Bg7 6. Nbd2 O-O 7. O-O Ne4 8.
cxd5 cxd5 9. Nxe4 dxe4 10. Ng5 Qxd4 11. Qb3 Nc6 12. Rd1 Qb6 13. Qxb6 axb6
14. Bxe4 h6 15. Nf3 Be6 16. Be3 Bxa2 1/2-1/2

[Event "Sparkassen Open A"]
[Site "Dortmund GER"]
[Date "2010.07.21"]
[Round "5"]
[White "Boehm,Ju2"]
[Black "Kelm,M"]
[Result "1/2-1/2"]
[WhiteElo "2214"]
[BlackElo "1951"]
[EventDate "2010.07.17"]

1. d4 Nf6 2. Bg5 d5 3. Bxf6 gxf6 4. c4 dxc4 5. e3 e6 6. Bxc4 Bb4+ 7. Nc3 c6
8. Nge2 Rg8 9. Qc2 f5 10. O-O-O Qh4 11. Nf4 Nd7 12. g3 Qe7 13. Kb1 1/2-1/2

[Event "Sparkassen Open A"]
[Site "Dortmund GER"]
[Date "2010.07.21"]
[Round "5"]
[White "Henkemeier,Mi"]
[Black "Kartsev,So"]
[Result "0-1"]
[WhiteElo "1922"]
[BlackElo "2202"]
[EventDate "2010.07.17"]

1. d4 f5 2. h4 Nf6 3. Bg5 e6 4. Nh3 c5 5. e3 Nc6 6. Be2 cxd4 7. exd4 Qb6 8.
Bxf6 gxf6 9. d5 Qxb2 10. Nd2 Nb4 11. O-O Qxc2 12. dxe6 Qxd1 13. exd7+ Bxd7
14. Rfxd1 O-O-O 15. Nf4 Bh6 16. Nh5 Bc6 17. Nc4 Nc2 18. Rab1 Nd4 19. Bd3
Rhg8 20. g3 Rgf8 21. Nf4 Bxf4 22. gxf4 Rg8+ 23. Kf1 Rg4 24. Ne3 Rxh4 25.
Ke1 0-1

[Event "Sparkassen Open A"]
[Site "Dortmund GER"]
[Date "2010.07.21"]
[Round "5"]
[White "Virnyi,J"]
[Black "Konow,P"]
[Result "1-0"]
[WhiteElo "2099"]
[BlackElo "1889"]
[EventDate "2010.07.17"]

1. d4 d5 2. c4 e6 3. Nc3 Nf6 4. cxd5 exd5 5. Bg5 Nbd7 6. e3 Bb4 7. Bd3 c5
8. Nge2 cxd4 9. exd4 O-O 10. O-O Be7 11. Ng3 Qb6 12. Nf5 Bd8 13. Na4 Qa5
14. Bd2 Qc7 15. Rc1 Qb8 16. Bb4 b5 17. Bxf8 Nxf8 18. Nc5 Ng6 19. g3 h5 20.
Re1 h4 21. Qf3 a6 22. Re3 Ba5 23. Rc2 hxg3 24. fxg3 Bb6 25. Nh6+ Kf8 26.
Rce2 Nf4 27. gxf4 gxh6 28. f5 Qd6 29. b4 Bd7 30. Re5 a5 31. Qf4 Kg7 32.
Rg2+ Kh7 33. Ne6 Rg8 34. Rxg8 fxe6 35. fxe6+ Kxg8 36. exd7 Kf7 37. Kf1 Qxd7
38. Bf5 Qc7 39. Qxh6 Qc4+ 40. Re2 Qxd4 41. Bg6+ Kg8 42. Re8+ Nxe8 43. Qh7+
Kf8 44. Qf7+ 1-0

[Event "Sparkassen Open A"]
[Site "Dortmund GER"]
[Date "2010.07.21"]
[Round "5"]
[White "Busche,K"]
[Black "Bauschmann,C"]
[Result "1-0"]
[WhiteElo "2071"]
[BlackElo "1871"]
[EventDate "2010.07.17"]

1. d4 d5 2. Nf3 Nf6 3. e3 Bg4 4. h3 Bxf3 5. Qxf3 e6 6. Nd2 Nbd7 7. e4 dxe4
8. Nxe4 Nxe4 9. Qxe4 c6 10. c3 Bd6 11. Bd3 Nf6 12. Qe2 O-O 13. O-O Re8 14.
f4 c5 15. dxc5 Bxc5+ 16. Kh1 Qc7 17. Bd2 Rad8 18. Bb5 Re7 19. b4 Bb6 20.
Rad1 e5 21. f5 Ne8 22. Qg4 f6 23. Bc4+ Kh8 24. Be6 Qc6 25. h4 Nd6 26. c4
Qe4 27. Qh3 Nxc4 28. Bc1 Rxd1 29. Rxd1 Qc2 30. Qb3 Qf2 31. Qxc4 h6 32. Qc8+
1-0

[Event "Sparkassen Open A"]
[Site "Dortmund GER"]
[Date "2010.07.21"]
[Round "5"]
[White "Franke,T"]
[Black "Carmesin,M"]
[Result "1-0"]
[WhiteElo "2198"]
[BlackElo "1859"]
[EventDate "2010.07.17"]

1. e4 c5 2. c3 d5 3. exd5 Qxd5 4. d4 Nc6 5. Nf3 Bg4 6. dxc5 Qxd1+ 7. Kxd1
e5 8. b4 f6 9. Kc2 Rd8 10. Bd3 Nge7 11. h3 Be6 12. Be3 Nd5 13. a3 g6 14.
Re1 Bg7 15. Bb5 O-O 16. Nbd2 f5 17. Ng5 Bc8 18. Nb3 e4 19. Bc4 h6 20. Rad1
Nce7 21. Rxd5 Nxd5 22. Rd1 hxg5 23. Bxd5+ Kh7 24. Bxg5 Bf6 25. Bf4 Rfe8 26.
Na5 g5 27. Bd6 Rd7 28. Nc4 Rdd8 29. b5 f4 30. Re1 Bf5 31. Kb3 b6 32. Bf7
bxc5 33. Bxe8 Rxe8 34. Bxc5 Rc8 35. Kb4 Bxc3+ 36. Kxc3 Rxc5 37. Kb4 Rd5 38.
a4 Rd4 39. Kc5 Rd3 40. a5 Rc3 41. Kb4 Rc2 42. b6 axb6 43. axb6 Bc8 44. Nd6
Be6 45. Nxe4 Kg6 46. Nc3 Bc8 47. Re2 Rc1 48. f3 Kf5 49. Ne4 Rb1+ 50. Kc5
Rc1+ 51. Kb5 Bd7+ 52. Kb4 Bc6 53. Nd6+ Kf6 54. Rb2 Ke6 55. b7 1-0

[Event "Sparkassen Open A"]
[Site "Dortmund GER"]
[Date "2010.07.21"]
[Round "5"]
[White "Mundorf,J"]
[Black "Kuempers,U"]
[Result "0-1"]
[WhiteElo "1903"]
[BlackElo "2091"]
[EventDate "2010.07.17"]

1. Nf3 c5 2. b3 Nc6 3. Bb2 d5 4. c4 d4 5. d3 e5 6. g3 Be7 7. Bg2 f5 8. e3
Nf6 9. exd4 exd4 10. O-O O-O 11. Na3 f4 12. Nc2 fxg3 13. hxg3 Bg4 14. Qe1
Qd7 15. b4 Rae8 16. bxc5 Bxc5 17. Qd2 Ne4 18. dxe4 Bxf3 19. Qg5 Re5 20. Qh4
Rh5 0-1

[Event "Sparkassen Open A"]
[Site "Dortmund GER"]
[Date "2010.07.21"]
[Round "5"]
[White "Pedersen,LarsW"]
[Black "Butschek,T"]
[Result "0-1"]
[WhiteElo "1850"]
[BlackElo "2040"]
[EventDate "2010.07.17"]

1. e4 c5 2. Nf3 e6 3. d4 cxd4 4. Nxd4 Nf6 5. Bd3 Nc6 6. Be3 d5 7. exd5 Qxd5
8. Nf3 Nb4 9. Be2 Qe4 10. O-O Qxc2 11. Na3 Qxd1 12. Rfxd1 Nbd5 13. Nb5 a6
14. Nc3 Nxe3 15. fxe3 Bc5 16. Nd4 O-O 17. Kh1 e5 18. Nc2 Bf5 19. Bd3 Bxd3
20. Rxd3 Ng4 21. Rd5 Rac8 22. h3 Nxe3 23. Nxe3 Bxe3 24. Rxe5 Bd4 25. Re7 b5
26. Nd5 Rfd8 27. Rae1 Kf8 28. Nc3 Bxc3 29. bxc3 Rxc3 30. Ra7 Rc6 31. Ree7
Rf6 32. Reb7 g6 33. a4 Rd1+ 34. Kh2 bxa4 35. Rb4 Ra1 36. Kg3 Ra2 37. h4 Kg7
38. Kh3 a3 39. Ra4 Rb6 40. R4xa6 Rb3+ 41. g3 h5 42. Rxf7+ Kxf7 43. Rf6+ Ke8
44. Rf8+ Kd7 45. Rd8+ Kc6 46. Rc8+ Kd5 47. Rc5+ Kd4 48. Rc4+ Kd3 49. Rd4+
Kc2 50. Rd1 Rxg3+ 0-1

[Event "Sparkassen Open A"]
[Site "Dortmund GER"]
[Date "2010.07.21"]
[Round "5"]
[White "Henkemeier,Markus"]
[Black "Weber,Martin"]
[Result "0-1"]
[WhiteElo "1822"]
[BlackElo "2031"]
[EventDate "2010.07.17"]

1. e4 e5 2. Bc4 d6 3. d3 Nf6 4. Nc3 Be7 5. f4 exf4 6. Bxf4 O-O 7. Nf3 c6 8.
Bb3 Na6 9. O-O Nc5 10. Re1 a5 11. d4 Nxb3 12. axb3 Re8 13. b4 Bg4 14. bxa5
Rxa5 15. b4 Rxa1 16. Qxa1 Bxf3 17. gxf3 d5 18. exd5 Bxb4 19. Bg5 Rxe1+ 20.
Qxe1 Bxc3 21. Bxf6 Bxe1 22. Bxd8 cxd5 23. Kf1 Bb4 24. Bb6 Bd6 25. h3 f5 26.
Ke2 h5 27. Bd8 Kf7 28. Kd3 Be7 29. Bc7 g5 30. c4 dxc4+ 31. Kxc4 Ke6 32. d5+
Kd7 33. Bg3 Bd6 34. Bf2 Bh2 35. Kb5 Kd6 36. Kb6 Kxd5 37. Be3 Bf4 38. Bg1
Kc4 39. Kxb7 Kd3 40. Kc6 Ke2 41. Kd5 Kxf3 42. Ke6 Kg2 43. Bc5 Kxh3 44. Kxf5
Kg2 45. Bd4 Kf3 46. Bg1 h4 47. Bc5 h3 48. Bg1 g4 0-1